ბათუმის შოთა რუსთაველის სახელმწიფო უნივერსიტეტის ბიბლიოთეკა

Der Jenaer Maler : (ბიბ.ჩანაწერი № 60656)

000 -LEADER
fixed length control field 00791nam a22001817a 4500
005 - DATE AND TIME OF LATEST TRANSACTION
control field 20231003142139.0
008 - FIXED-LENGTH DATA ELEMENTS--GENERAL INFORMATION
fixed length control field 231003b xxu||||| |||| 00| 0 geo d
020 ## - INTERNATIONAL STANDARD BOOK NUMBER
International Standard Book Number 9783882268645
041 ## - LANGUAGE CODE
Language code of text/sound track or separate title ger
080 ## - UNIVERSAL DECIMAL CLASSIFICATION NUMBER
Universal Decimal Classification number 745(495) D-45
245 ## - TITLE STATEMENT
Title Der Jenaer Maler :
Remainder of title Eine Töpferwerkstatt im klassischen Athen
Statement of responsibility, etc. Fragmente attischer Trinkschalen der Sammlung Antiker Kleinkunst der Friedrich-Schiller-Universität Jena.
264 ## - PRODUCTION, PUBLICATION, DISTRIBUTION, MANUFACTURE, AND COPYRIGHT NOTICE
Place of production, publication, distribution, manufacture Wiesbaden,
Date of production, publication, distribution, manufacture, or copyright notice 1996.
300 ## - PHYSICAL DESCRIPTION
Extent 102 p. :
Other physical details ill.;
Dimensions 21 cm.
653 ## - INDEX TERM--UNCONTROLLED
keyword იენის მხატვარი
653 ## - INDEX TERM--UNCONTROLLED
keyword კლასიკური ჭურჭელი
653 ## - INDEX TERM--UNCONTROLLED
keyword ფრიდრიხ შილერის უნივერსიტეტის იენას ანტიკური კოლექცია
942 ## - ADDED ENTRY ELEMENTS (KOHA)
Source of classification or shelving scheme
Koha item type წიგნი
ეგზემპლარები
Withdrawn status Lost status Source of classification or shelving scheme Damaged status Not for loan Permanent Location Current Location Shelving location Date acquired Cost, normal purchase price Full call number Barcode Date last seen Copy number Uniform Resource Identifier Price effective from Koha item type Public note
          ბათუმის შოთა რუსთაველის სახელმწიფო უნივერსიტეტის მთავარი ბიბლიოთეკა ბათუმის შოთა რუსთაველის სახელმწიფო უნივერსიტეტის მთავარი ბიბლიოთეკა წიგნსაცავი 2023-10-03 10.00 745(495) D-45 65241 2023-10-03 65241 ბსუ-ს საპატიო დოქტორის გურამ ლორთქიფანიძის საჩუქარი 2023-10-03 წიგნი 10 ლ.